| 000 | 00508nam a2200181 a 4500 | ||
|---|---|---|---|
| 001 | 480 | ||
| 003 | CDMR | ||
| 005 | 20131125114906.0 | ||
| 008 | 130130s1975||||||||||||||||||||||||||||d | ||
| 040 |
_aCDMR _bcat _cCDMR |
||
| 100 | 1 |
_aRomero Rubio, Andrés _9338 |
|
| 245 | 1 | 0 |
_aCódigo ético _b: medios de comunicación infantiles y juveniles _cAndres Romero |
| 260 |
_aMadrid _c1975 _bDoncel |
||
| 300 |
_a390 p ; _c18 cm |
||
| 490 | 0 |
_aVeritas et libertas _v2 |
|
| 500 | _aDedicatoria de l'autor | ||
| 942 |
_cMON _2ddc |
||
| 999 |
_c480 _d480 |
||